000 00357nam a22001697a 4500
003 UA-OsUOA
001 3807
007 ta
008 20050721b un ||||| |||| 00| 0 ukr d
100 _aStojko
700 _aW.
942 _cBK
040 _aUA-OsUOA
_cUA-OsUOA
_dUA-OsUOA
245 _aThe Ukrainian Quarterly V.LV. 2.1999
955 _a2
650 7 _2UDC
999 _c289969
_d289969